Теплообмен в трубах и пучках стержней при течении воды сверхкритического давления; Атомная энергия; Т. 96, вып. 5

التفاصيل البيبلوغرافية
Parent link:Атомная энергия: теоретический и научно-технический журнал/ Российская академия наук ; Министерство РФ по атомной энергии, ядерного общества.— , 1956-.— 0004-7163
Т. 96, вып. 5.— 2004.— с. 387-393
المؤلف الرئيسي: Грабежная В. А.
مؤلفون آخرون: Кириллов П. Л.
اللغة:الروسية
منشور في: 2004
سلاسل:Статьи
الموضوعات:
التنسيق: MixedMaterials فصل الكتاب
KOHA link:https://koha.lib.tpu.ru/cgi-bin/koha/opac-detail.pl?biblionumber=426065

MARC

LEADER 00000naa2a2200000 4500
001 426065
005 20231101074503.0
035 |a (RuTPU)RU\TPU\prd\84739 
035 |a RU\TPU\prd\30129 
090 |a 426065 
100 |a 20100628a2004 k y0rusy50 ca 
101 0 |a rus 
102 |a RU 
200 1 |a Теплообмен в трубах и пучках стержней при течении воды сверхкритического давления  |f В. А. Грабежная, П. Л. Кириллов 
225 1 |a Статьи 
320 |a Библиогр.: 23 назв. 
461 1 |0 (RuTPU)RU\TPU\prd\33  |x 0004-7163  |t Атомная энергия  |o теоретический и научно-технический журнал  |f Российская академия наук ; Министерство РФ по атомной энергии, ядерного общества  |d 1956- 
463 1 |0 (RuTPU)RU\TPU\prd\84729  |t Т. 96, вып. 5  |v с. 387-393  |d 2004 
610 1 |a теплообмен 
610 1 |a трубы 
610 1 |a пучки 
610 1 |a вода 
610 1 |a стержни 
610 1 |a сверхкритическое давление 
675 |a 536.24.08  |v 3 
700 1 |a Грабежная  |b В. А. 
701 1 |a Кириллов  |b П. Л. 
801 1 |a RU  |b 63413507  |c 20041119  |g PSBO 
801 2 |a RU  |b 63413507  |c 20100628  |g RCR 
942 |c BK